000 00569nam a2200217Ia 4500
003 OSt
005 20220928140607.0
006 a|||||r|||| 00| 0
007 ta
008 220927b |||||||| |||| 00| 0 eng d
024 _a9762
037 _cTextual
040 _aSDCL
_cSDCL
_beng
041 _2eng
_aeng
082 _aO-,3M:g, L0
100 _aWilliams Ioan Ed.
_9489784
245 0 _aNovel and romance 1700-1800
_b A documentary record.
260 _c1970
942 _hO-,3M:g, L0
_cTEXL
_2CC
999 _c812389
_d812389